| 000 | 01751cam a22004454a 4500 | ||
|---|---|---|---|
| 999 |
_c79382 _d316659 |
||
| 001 | 14478972 | ||
| 003 | OSt | ||
| 005 | 20210304170656.0 | ||
| 008 | 060731s2007 flua b 001 0 eng | ||
| 010 | _a 2006025277 | ||
| 015 |
_aGBA694596 _2bnb |
||
| 016 | 7 |
_a101283847 _2DNLM |
|
| 016 | 7 |
_a013596320 _2Uk |
|
| 020 | _a1574449060 (hardcover : alk. paper) | ||
| 020 | _a9781574449068 (hardcover : alk. paper) | ||
| 035 | _a(OCoLC)ocm70829737 | ||
| 035 | _a(OCoLC)70829737 | ||
| 040 |
_aDNLM/DLC _cDLC _dNLM _dBAKER _dUKM _dC#P _dYDXCP _dBTCTA _dDLC |
||
| 042 | _apcc | ||
| 050 | 0 | 0 |
_aQP301 _b.J57 2007 |
| 060 | 0 | 0 | _a2007 E-162 |
| 060 | 1 | 0 |
_aWE 103 _bJ66b 2007 |
| 082 | 0 | 0 |
_a612.04 _222 _bJAB |
| 100 | 1 |
_aJohnson, Arthur T. _q(Arthur Thomas), _d1941- _988205 |
|
| 245 | 1 | 0 |
_aBiomechanics and exercise physiology : _bquantitative modeling / _cArthur T. Johnson. |
| 250 | _a[2nd ed.]. | ||
| 260 |
_aBoca Raton : _bCRC Press, _cc2007. |
||
| 300 |
_a663 p. : _bill. ; _c27 cm. |
||
| 504 | _aIncludes bibliographical references and index. | ||
| 505 | 0 | _aExercise limitations -- Exercise biomechanics -- Cardiovascular responses -- Respiratory responses -- Thermal responses. | |
| 650 | 0 |
_aExercise _xPhysiological aspects. _988206 |
|
| 650 | 0 |
_aBiomechanics. _988207 |
|
| 650 | 1 | 2 |
_aBiomechanics. _988207 |
| 650 | 2 | 2 |
_aExercise _xphysiology. _919563 |
| 856 | 4 | 1 |
_3Table of contents only _uhttp://www.loc.gov/catdir/toc/ecip0618/2006025277.html |
| 856 | 4 | 2 |
_3Publisher description _uhttp://www.loc.gov/catdir/enhancements/fy0668/2006025277-d.html |
| 906 |
_a7 _bcbc _corignew _d1 _eecip _f20 _gy-gencatlg |
||
| 942 |
_2ddc _cBOOK |
||